[Event "7th Malaysia Open"]
[Site "Kuala Lumpur MAS"]
[Date "2010.09.06"]
[Round "8"]
[White "Duong The Anh"]
[Black "Dragicevic,Do"]
[Result "1/2-1/2"]
[WhiteElo "2420"]
[BlackElo "2195"]
[EventDate "2010.09.01"]

1. b3 e5 2. Bb2 Nc6 3. e3 d5 4. Bb5 Bd6 5. f4 Qe7 6. Nf3 Bg4 7. fxe5 Bxe5
8. Bxe5 Bxf3 9. Qxf3 Qxe5 10. Nc3 Nf6 11. Bxc6+ bxc6 12. O-O O-O 13. Qf4
Qe7 14. Ne2 Ne4 15. Rad1 c5 16. c4 Rad8 17. d3 Ng5 18. Ng3 g6 19. cxd5 Rxd5
20. e4 Rd6 21. Qe3 Ra6 22. Rd2 Qe5 23. Nf5 Ne6 24. Ne7+ Kg7 25. Rdf2 Rd6
26. Qd2 c4 27. bxc4 c6 28. Qb2 Qxb2 29. Rxb2 Nc5 30. d4 Nxe4 31. d5 cxd5
32. Nxd5 Rc8 33. Rb7 Nf6 34. Rxa7 Rxc4 35. Nxf6 Rxf6 36. Rxf6 Kxf6 37. a4
Rc1+ 38. Kf2 Ra1 39. Ra6+ Kg7 40. Kf3 Ra3+ 41. Kf2 Ra2+ 42. Kf3 Ra3+ 43.
Kf2 Ra2+ 1/2-1/2

[Event "7th Malaysia Open"]
[Site "Kuala Lumpur MAS"]
[Date "2010.09.06"]
[Round "8"]
[White "Rej,T"]
[Black "Soon,W"]
[Result "0-1"]
[WhiteElo "2340"]
[BlackElo "2081"]
[EventDate "2010.09.01"]

1. d4 Nf6 2. c4 e6 3. Nf3 b6 4. g3 Ba6 5. b3 Bb4+ 6. Bd2 Be7 7. Nc3 Bb7 8.
Bg2 O-O 9. Qc2 c5 10. d5 Na6 11. e4 exd5 12. exd5 d6 13. O-O Nc7 14. a4 a6
15. Nh4 Re8 16. Nf5 Bf8 17. Rfe1 b5 18. Bg5 Rxe1+ 19. Rxe1 h6 20. Bf4 Bc8
21. axb5 axb5 22. cxb5 Rb8 23. Qd3 Bxf5 24. Qxf5 Nxb5 25. Nxb5 Rxb5 26. Qd3
Qb6 27. Rb1 Rb4 28. Be3 Qb7 29. Qc3 c4 30. Bxh6 Nd7 31. Bd2 Rxb3 32. Rxb3
cxb3 33. Be4 Nc5 34. Bb1 Qxd5 35. Qb4 Qf3 36. Be1 Qd1 37. Bf5 g6 38. Bg4
Qc1 0-1

[Event "7th Malaysia Open"]
[Site "Kuala Lumpur MAS"]
[Date "2010.09.06"]
[Round "8"]
[White "Carlos,L"]
[Black "Jamals,H"]
[Result "1-0"]
[WhiteElo "2325"]
[BlackElo "2162"]
[EventDate "2010.09.01"]

1. e4 e6 2. d4 d5 3. e5 c5 4. c3 Qb6 5. Nf3 Bd7 6. Be2 Bb5 7. c4 Bxc4 8.
Bxc4 dxc4 9. d5 exd5 10. Qxd5 Ne7 11. Qxc4 Qb4+ 12. Nbd2 Nbc6 13. O-O Qxc4
14. Nxc4 Ng6 15. Re1 O-O-O 16. Bg5 Rd7 17. h4 b5 18. e6 fxe6 19. Rxe6 Kb7
20. Rxc6 Kxc6 21. Nce5+ Nxe5 22. Nxe5+ Kc7 23. Nxd7 Kxd7 24. Rd1+ Kc8 25.
Rd8+ Kc7 1-0

[Event "7th Malaysia Open"]
[Site "Kuala Lumpur MAS"]
[Date "2010.09.06"]
[Round "8"]
[White "Anasrullah"]
[Black "Li Hanbin"]
[Result "0-1"]
[WhiteElo "2143"]
[BlackElo "2348"]
[EventDate "2010.09.01"]

1. e4 c5 2. Nf3 Nc6 3. d4 cxd4 4. Nxd4 Nf6 5. Nc3 e5 6. Ndb5 d6 7. Bg5 a6
8. Na3 b5 9. Bxf6 gxf6 10. Nd5 Bg7 11. c3 f5 12. Bd3 Ne7 13. Nxe7 Qxe7 14.
Nc2 O-O 15. Ne3 f4 16. Nd5 Qg5 17. g3 Be6 18. h4 Qd8 19. Be2 fxg3 20. fxg3
f5 21. exf5 Bxf5 22. O-O Kh8 23. Bg4 Be4 24. Bf3 Bxf3 25. Rxf3 Qd7 26. Kg2
e4 27. Rxf8+ Rxf8 28. Qe2 Be5 29. Qxe4 Rg8 30. Rf1 Rxg3+ 31. Kf2 Qe6 32.
Ke2 Rg4 33. Nf4 Qxa2 34. h5 Qxb2+ 35. Kd1 Qa1+ 0-1

[Event "7th Malaysia Open"]
[Site "Kuala Lumpur MAS"]
[Date "2010.09.06"]
[Round "8"]
[White "Dotsenko,Vi"]
[Black "Nguyen Thi Thanh An"]
[Result "1/2-1/2"]
[WhiteElo "2054"]
[BlackElo "2306"]
[EventDate "2010.09.01"]

1. Nf3 Nf6 2. d4 g6 3. c4 Bg7 4. Nc3 O-O 5. Bg5 c6 6. e3 d6 7. Be2 a6 8.
O-O b5 9. a3 Bb7 10. Qc2 Nbd7 11. Rfd1 Rc8 12. c5 Qe8 13. b4 d5 14. e4 dxe4
15. Nxe4 h6 16. Nxf6+ Nxf6 17. Bf4 Rd8 18. Be5 Bc8 19. h3 Be6 20. Re1 Qd7
21. a4 Ra8 22. Ra3 Nd5 23. Bxg7 Kxg7 24. Qb2 Qb7 25. Rd1 Rfd8 26. Qd2 Rdb8
27. axb5 axb5 28. Qb2 Rxa3 29. Qxa3 Nc7 30. Qb2 Nd5 31. Qa2 f6 32. Qd2 Qc7
33. Qb2 Rd8 1/2-1/2

[Event "7th Malaysia Open"]
[Site "Kuala Lumpur MAS"]
[Date "2010.09.06"]
[Round "8"]
[White "Ton,T"]
[Black "Nakamura,N"]
[Result "1-0"]
[WhiteElo "2243"]
[BlackElo "2064"]
[EventDate "2010.09.01"]

1. d4 Nf6 2. Nf3 e6 3. g3 d5 4. Bg2 Be7 5. O-O O-O 6. c4 dxc4 7. Qc2 a6 8.
a4 Bd7 9. Rd1 Bc6 10. Nc3 Bb4 11. e4 Bxc3 12. d5 exd5 13. exd5 Bxd5 14.
bxc3 Nbd7 15. Rd4 c5 16. Rh4 Bxf3 17. Bxf3 Ne5 18. Bxb7 Rb8 19. Be4 Nxe4
20. Rxe4 Nf3+ 21. Kg2 Qd5 22. Qe2 Ne1+ 23. Kg1 Nd3 24. Bf4 Rb2 25. Bd2 Rxd2
1-0

[Event "7th Malaysia Open"]
[Site "Kuala Lumpur MAS"]
[Date "2010.09.06"]
[Round "8"]
[White "Morris,J"]
[Black "Xu Yi"]
[Result "1-0"]
[WhiteElo "2262"]
[BlackElo "2039"]
[EventDate "2010.09.01"]

1. e4 c5 2. Nc3 Nc6 3. f4 g6 4. Nf3 Bg7 5. Bb5 e6 6. Bxc6 bxc6 7. e5 d5 8.
exd6 Qxd6 9. d3 c4 10. dxc4 Qb4 11. Ne5 Bxe5 12. fxe5 Qxc4 13. Bg5 Bb7 14.
Qf3 Qd4 15. Ne4 c5 16. Nf6+ Nxf6 17. Qxf6 Qb4+ 18. Kd1 Qg4+ 19. Kc1 Kd7 20.
Qe7+ Kc8 21. Rd1 Bd5 22. b3 c4 23. Bf6 Qf4+ 24. Kb2 Rg8 25. Qc5+ Kb7 26.
Rd4 Qxh2 27. Qb5+ Kc7 28. Rxc4+ Bxc4 29. Qxc4+ Kb8 30. Qb5+ Kc7 31. Rd1
Qxg2 32. Rd7+ Kc8 33. Rxf7 Qd5 34. Qa6+ Kb8 35. Qd6+ Qxd6 36. exd6 a5 37.
d7 Ra7 38. Be5+ Ka8 39. Bf6 Rb7 40. c4 g5 41. c5 g4 42. c6 Rc7 43. d8=Q+
Rxd8 44. Rxc7 Rg8 45. Bd4 1-0

[Event "7th Malaysia Open"]
[Site "Kuala Lumpur MAS"]
[Date "2010.09.06"]
[Round "8"]
[White "Cheah,C"]
[Black "Bakliwal,G"]
[Result "1/2-1/2"]
[WhiteElo "2003"]
[BlackElo "2236"]
[EventDate "2010.09.01"]

1. d4 Nf6 2. Nf3 b6 3. c4 e6 4. g3 Bb7 5. Bg2 g6 6. O-O Bg7 7. Nc3 d6 8.
Re1 Nbd7 9. e4 e5 10. d5 a5 11. b3 O-O 12. a3 h6 13. h3 Nh7 14. Nh4 Ng5 15.
Bd2 Bc8 16. Kh2 Nf6 17. Qc1 Nfh7 18. Ra2 Bd7 19. Ne2 Bf6 20. Ng1 Kg7 21.
Nhf3 Nxf3+ 22. Nxf3 Bg5 23. Nxg5 hxg5 24. f4 gxf4 25. gxf4 exf4 26. Bc3+ f6
27. Qxf4 g5 28. Qe3 Qe8 29. Bf3 Qg6 30. Rg2 Bxh3 31. Rg3 Bd7 32. Reg1 Kf7
33. Qe2 Rh8 34. Kg2 Nf8 35. Kf1 Rh4 36. Bd2 Bh3+ 37. Ke1 Nd7 38. Bxg5 fxg5
39. Rxg5 Qh6 40. Bh5+ Ke7 41. Rg7+ Kd8 42. Rg8+ Nf8 43. R1g5 Rf4 44. Qe3
Qf6 45. Qxh3 Rxe4+ 46. Be2 Qa1+ 47. Kf2 Qd4+ 48. Ke1 Qa1+ 49. Kf2 1/2-1/2

[Event "7th Malaysia Open"]
[Site "Kuala Lumpur MAS"]
[Date "2010.09.06"]
[Round "8"]
[White "Uehara,S"]
[Black "F. Sayani,M"]
[Result "1-0"]
[WhiteElo "2013"]
[BlackElo "2201"]
[EventDate "2010.09.01"]

1. e4 e5 2. Nf3 Nc6 3. Bb5 a6 4. Ba4 Nf6 5. O-O Nxe4 6. d4 b5 7. Bb3 d5 8.
dxe5 Be6 9. c3 Bc5 10. Nbd2 O-O 11. Bc2 f5 12. Nb3 Bb6 13. Nbd4 Nxd4 14.
Nxd4 Bxd4 15. cxd4 f4 16. f3 Ng3 17. Rf2 Qh4 18. Bxf4 Rxf4 19. hxg3 Qxg3
20. a4 b4 21. Rc1 Rh4 22. Qd2 Rf8 23. Bd1 Rh2 24. Rxc7 Qh4 25. Kf1 Rf4 26.
Ra7 Rh1+ 27. Ke2 Re4+ 28. fxe4 Qxe4+ 29. Qe3 Bg4+ 1-0

[Event "7th Malaysia Open"]
[Site "Kuala Lumpur MAS"]
[Date "2010.09.06"]
[Round "8"]
[White "Azman Hisham,M"]
[Black "Lan Zilun"]
[Result "0-1"]
[WhiteElo "2046"]
[BlackElo "2192"]
[EventDate "2010.09.01"]

1. d4 Nf6 2. c4 g6 3. Nc3 Bg7 4. e3 O-O 5. Bd3 d6 6. Nge2 e5 7. O-O Nbd7 8.
f4 Re8 9. Qc2 exd4 10. exd4 Ng4 11. h3 Ne3 12. Bxe3 Rxe3 13. Nd5 Re8 14. f5
c6 15. fxg6 fxg6 16. Ndf4 Nf6 17. d5 Bd7 18. Kh1 cxd5 19. Nxd5 Nxd5 20.
cxd5 Re3 21. Nf4 Qh4 22. Ne6 Bxe6 23. dxe6 Be5 24. Bc4 Kh8 25. e7 Qxe7 26.
Qd2 Qg5 27. Qf2 Re4 28. Bd5 Rf4 29. Bf3 Raf8 30. Rac1 Bd4 31. Qe1 R4f7 32.
b3 Be5 33. Rc4 Qf5 34. Qd2 h5 35. Rc6 Qe6 36. Qd3 Qf6 37. Qe3 Qh4 38. Qe1
Rxf3 0-1

[Event "7th Malaysia Open"]
[Site "Kuala Lumpur MAS"]
[Date "2010.09.06"]
[Round "8"]
[White "Tan Khai Boon"]
[Black "Ismail,Ah"]
[Result "1-0"]
[WhiteElo "2160"]
[BlackElo "1996"]
[EventDate "2010.09.01"]

1. d4 Nf6 2. c4 e5 3. dxe5 Ng4 4. Nf3 Bc5 5. e3 Nc6 6. Be2 O-O 7. O-O Re8
8. Nc3 Ncxe5 9. Nxe5 Nxe5 10. Ne4 Bf8 11. Ng3 d6 12. f4 Ng6 13. e4 Bd7 14.
Bd2 Bc6 15. Bd3 a5 16. Qc2 b6 17. Nf5 Qd7 18. Rae1 Ra7 19. Re3 b5 20. b3 a4
21. Rg3 axb3 22. axb3 bxc4 23. bxc4 Rea8 24. h4 Ra2 25. Qd1 R8a3 26. Bc1
Ba4 27. Qe1 Rxd3 28. Rxd3 Qc6 29. Rc3 h5 30. Kh1 Qd7 31. Ra3 Rc2 32. Ne3
Rxc1 33. Qxc1 Nxh4 34. f5 d5 35. Nxd5 Bxa3 36. Qxa3 Bc2 37. Qg3 Qd8 38. Rf4
g5 39. Rxh4 1-0

[Event "7th Malaysia Open"]
[Site "Kuala Lumpur MAS"]
[Date "2010.09.06"]
[Round "8"]
[White "Tan,Ju2"]
[Black "Hukom,D"]
[Result "1/2-1/2"]
[WhiteElo "2052"]
[BlackElo "2130"]
[EventDate "2010.09.01"]

1. e4 e5 2. Nf3 Nc6 3. Bb5 a6 4. Ba4 Nf6 5. O-O b5 6. Bb3 Be7 7. Re1 O-O 8.
h3 d6 9. c3 d5 10. exd5 Nxd5 11. Nxe5 Nxe5 12. Rxe5 c6 13. d4 Bd6 14. Re1
Qa5 15. Qf3 Be6 16. Re4 Qd8 17. Nd2 Qd7 18. Nf1 Bf5 19. Re1 Rae8 20. Bd2
Bg6 21. Ng3 Bc7 22. Rad1 Re6 23. c4 bxc4 24. Bxc4 Rf6 25. Qa3 h5 26. Bg5
Re6 27. Qf3 Qd6 28. a3 a5 29. Bd3 Rb8 30. Rxe6 Qxe6 31. Rd2 h4 32. Nf1 Rb3
33. Qd1 Rxd3 34. Rxd3 Qf5 35. Re3 Qxg5 36. Re8+ Kh7 37. Qg4 Qxg4 38. hxg4
Bb6 39. Rc8 Bxd4 40. Rxc6 Nf4 41. Ra6 Bxb2 42. Rxa5 Nd3 43. Ra4 Kh6 44. Nd2
Nc5 45. Ra5 Ne4 46. Nxe4 Bxe4 47. Rh5+ Kg6 48. Rxh4 Bxa3 49. f3 Bc5+ 50.
Kh2 Bd3 51. Rh5 f5 52. Kh3 Be3 53. Rh8 Bg5 54. Rb8 Bf6 55. Rb4 Be5 56.
gxf5+ Kxf5 57. Rb7 g5 58. Rf7+ Kg6 59. Re7 Bf4 60. g3 Bf5+ 61. Kg2 Bd6 62.
Ra7 Kf6 63. Ra5 Be6 64. Ra6 Ke5 65. f4+ gxf4 66. gxf4+ Kd5 67. Rxd6+
1/2-1/2

[Event "7th Malaysia Open"]
[Site "Kuala Lumpur MAS"]
[Date "2010.09.06"]
[Round "8"]
[White "Yeap,E"]
[Black "Spiller,P"]
[Result "1-0"]
[WhiteElo "2121"]
[BlackElo "1986"]
[EventDate "2010.09.01"]

1. Nf3 f5 2. c4 Nf6 3. Nc3 e6 4. g3 b6 5. Bg2 Be7 6. O-O Bb4 7. Qb3 Bxc3 8.
bxc3 c5 9. a4 Nc6 10. Ba3 Na5 11. Qa2 Ba6 12. d3 Rc8 13. Nd2 d6 14. Nb3 Qd7
15. Rfb1 O-O 16. Bc1 h6 17. Nxa5 bxa5 18. Rb2 Rb8 19. Rab1 Rxb2 20. Rxb2
Rc8 21. Bd2 Ng4 22. Qb1 Kh7 23. Bf4 e5 24. Bd2 Nf6 25. h3 Rc7 26. f4 Qe8
27. Rb8 Qxa4 28. g4 fxg4 29. d4+ e4 30. Bxe4+ Nxe4 31. Qxe4+ g6 32. Qe3
Bxc4 33. f5 g5 34. hxg4 Qd1+ 35. Kf2 Qh1 36. Qg3 Re7 37. Be3 cxd4 38. cxd4
Qe4 39. Qh3 a4 1-0

[Event "7th Malaysia Open"]
[Site "Kuala Lumpur MAS"]
[Date "2010.09.06"]
[Round "8"]
[White "Xu Huahua"]
[Black "Bakri,Al"]
[Result "1-0"]
[WhiteElo "2079"]
[BlackElo "1904"]
[EventDate "2010.09.01"]

1. e4 e6 2. d4 d5 3. Nc3 Nf6 4. Bg5 Be7 5. e5 Nfd7 6. h4 h6 7. Bxe7 Qxe7 8.
Qg4 Qf8 9. f4 b5 10. a3 Nb6 11. Bd3 Nc6 12. Nf3 Bd7 13. h5 a6 14. Rh3 Nc4
15. Nd1 O-O-O 16. c3 f5 17. Qg3 Nb6 18. b4 Ne7 19. Nd2 Qf7 20. Nb3 Na4 21.
Kd2 Rdg8 22. Kc2 g5 23. Nb2 Nxb2 24. Kxb2 Kb8 25. Nc5 Bc8 26. a4 c6 27.
axb5 axb5 28. Kb3 gxf4 29. Qf2 Bb7 30. Ra5 Nc8 31. Bxb5 Kc7 32. Nxb7 cxb5
33. Nc5 Qe8 34. Ra6 Nb6 35. Qa2 Qc6 36. Ra7+ Kd8 37. Nb7+ Kc8 38. Nd6+ Kb8
39. Qa6 Qc4+ 40. Nxc4 1-0

[Event "7th Malaysia Open"]
[Site "Kuala Lumpur MAS"]
[Date "2010.09.06"]
[Round "8"]
[White "Guo,E"]
[Black "Loo,S"]
[Result "0-1"]
[WhiteElo "1964"]
[BlackElo "2147"]
[EventDate "2010.09.01"]

1. d4 e6 2. e4 d5 3. e5 c5 4. c3 Nc6 5. Nf3 Qb6 6. Bd3 Bd7 7. O-O cxd4 8.
cxd4 Nxd4 9. Nxd4 Qxd4 10. Nc3 Qb6 11. Kh1 Ne7 12. f4 g6 13. Qe2 h5 14. Be3
Qd8 15. Bc5 Nf5 16. Bxf8 Kxf8 17. Qf2 Bc6 18. Bxf5 gxf5 19. Ne2 Rh6 20.
Rac1 Kg7 21. Nd4 Qd7 22. Rc3 Rg6 23. Rfc1 Rg8 24. Nxc6 bxc6 25. Rxc6 Kh6
26. g3 h4 27. Rc7 Qa4 28. Rxf7 hxg3 29. hxg3 Qe4+ 30. Qg2 Rxg3 31. Rf6+ Kh5
0-1

[Event "7th Malaysia Open"]
[Site "Kuala Lumpur MAS"]
[Date "2010.09.06"]
[Round "8"]
[White "Abdullah,AlS"]
[Black "Milligan,H"]
[Result "0-1"]
[WhiteElo "2125"]
[BlackElo "2033"]
[EventDate "2010.09.01"]

1. e4 e5 2. Nf3 Nc6 3. d4 exd4 4. Nxd4 Bc5 5. Be3 Qf6 6. c3 Nge7 7. Bc4 d6
8. O-O Ne5 9. Be2 O-O 10. f4 N5c6 11. Bf3 Ng6 12. g3 Bh3 13. Re1 Bb6 14.
Qd3 Rfe8 15. Nd2 Nf8 16. Nc4 Ne6 17. Nxb6 axb6 18. Qd2 Nexd4 19. Bxd4 Nxd4
20. cxd4 Be6 21. a3 c5 22. d5 Bd7 23. Re3 Ra4 24. Rae1 Qd4 25. Qxd4 Rxd4
26. e5 dxe5 27. fxe5 Kf8 28. e6 fxe6 29. dxe6 Bc6 30. e7+ Kg8 31. Bd1 b5
32. h3 Rd2 33. Bg4 g6 34. Re5 c4 35. b3 cxb3 36. Be6+ Kg7 37. Bxb3 Rg2+ 38.
Kf1 Rxg3 39. R1e3 Rxe3 40. Rxe3 Kf6 41. Re6+ Kf5 42. Kf2 h5 43. Kg3 Bd7 44.
Rd6 Rxe7 45. Bc2+ Ke5 46. Rxg6 h4+ 47. Kf2 Rf7+ 48. Kg2 Bc6+ 49. Kg1 Rf4
50. Rg5+ Kd4 51. Bd1 Ke3 52. Rg6 Rd4 53. Re6+ Kd2 54. Bg4 Rd3 55. Re2+ Kc3
56. Re5 Kb2 57. Be2 Rd5 58. Re3 Rg5+ 59. Bg4 Bd7 60. Re4 Kxa3 0-1

[Event "7th Malaysia Open"]
[Site "Kuala Lumpur MAS"]
[Date "2010.09.06"]
[Round "8"]
[White "Fong Mi Yen"]
[Black "Masruri,R"]
[Result "0-1"]
[WhiteElo "1905"]
[BlackElo "2027"]
[EventDate "2010.09.01"]

1. e4 e6 2. d4 d5 3. e5 c5 4. c3 Qb6 5. Nf3 Bd7 6. a3 Bb5 7. Bd3 Nc6 8. O-O
Bxd3 9. Qxd3 Nge7 10. b4 cxd4 11. cxd4 Nf5 12. Bb2 Be7 13. Nbd2 O-O 14.
Rac1 Rfc8 15. Rfd1 g6 16. Nf1 a6 17. Ne3 Nxe3 18. Qxe3 a5 19. Bc3 axb4 20.
Bxb4 Nxb4 21. axb4 Qxb4 22. Rb1 Qa4 23. h4 b5 24. g4 b4 25. Rd3 Qc2 26. Nd2
Rc3 27. Rb3 Qd1+ 28. Kh2 Ra1 29. Qf3 Qg1+ 30. Kh3 Qh1+ 31. Qxh1 Rxh1+ 32.
Kg2 Rd1 33. h5 Rxd2 34. Rdxc3 bxc3 35. Rxc3 Rxd4 36. hxg6 Rxg4+ 0-1

[Event "7th Malaysia Open"]
[Site "Kuala Lumpur MAS"]
[Date "2010.09.06"]
[Round "8"]
[White "Hj,Azahari Md Aliuddin"]
[Black "Verdiana,N"]
[Result "1/2-1/2"]
[WhiteElo "2072"]
[BlackElo "1899"]
[EventDate "2010.09.01"]

1. e4 e5 2. Nf3 Nc6 3. Nc3 Nf6 4. d4 exd4 5. Nxd4 Bb4 6. Nxc6 bxc6 7. Bd3
d5 8. exd5 cxd5 9. O-O O-O 10. Bg5 c6 11. Qf3 Be7 12. Rae1 Be6 13. Ne2 h6
14. Bc1 c5 15. Nf4 Bg4 16. Qg3 Bd6 17. h3 Bd7 18. Qf3 Bc6 19. c3 Rc8 20.
Nh5 Nxh5 21. Qxh5 Qf6 22. Qf5 Qxf5 23. Bxf5 Rce8 24. Rd1 Re7 25. Be3 Rfe8
26. Rd2 g5 27. Bg4 Re5 28. Bh5 R8e7 29. a3 Bb5 30. Rc1 Bc4 31. b4 cxb4 32.
axb4 f5 33. Rdd1 Bb3 34. Re1 f4 35. Bd2 Kg7 36. Bf3 Kf6 37. Rxe5 Bxe5 38.
Ra1 Bc4 39. Re1 Rh7 40. Ra1 Rb7 41. Ra5 Ke6 42. Bg4+ Kd6 43. Bc8 Rc7 44.
Ba6 Bb3 45. Ra3 Bc2 46. Kf1 h5 47. Ke2 Bf5 48. Bd3 Bc8 49. Ba6 Bd7 50. f3
g4 51. hxg4 hxg4 52. Bd3 Bc8 53. Ba6 Be6 54. Bd3 Ke7 55. Be1 Kf7 56. Kd2 g3
57. Ke2 Re7 58. Bd2 Bb8 59. Kd1 Kf6 60. Kc2 Re8 61. Ra1 Rh8 62. Re1 Rh2 63.
Bf1 Bf5+ 64. Kd1 Bb1 65. Re8 Bd6 66. Re1 Ba2 67. Bc1 Be5 68. Kc2 Rh1 69.
Bd2 Rh2 70. Kb2 Bc4 71. Bxc4 dxc4 72. Re2 Rh1 73. Kc2 Rf1 74. Be1 Bc7 75.
Kd2 Bb6 76. Kc2 Rh1 77. Kd2 Rh8 78. Re4 Kf5 79. Ke2 Rh2 80. Kf1 Rh1+ 81.
Ke2 Rg1 82. Rxc4 Rxg2+ 83. Kd3 Rg1 84. Bd2 Be3 85. Bxe3 fxe3 86. Rg4 Re1
87. Rxg3 Kf4 88. Rg8 Rd1+ 89. Ke2 Rd2+ 90. Ke1 Kxf3 91. Rf8+ Ke4 92. c4 Rb2
93. Rf7 Kd3 94. Rd7+ Kxc4 95. Rxa7 Rxb4 96. Ke2 Rb3 97. Re7 Kd4 98. Rd7+
Ke5 99. Re7+ Kf4 1/2-1/2

[Event "7th Malaysia Open"]
[Site "Kuala Lumpur MAS"]
[Date "2010.09.06"]
[Round "8"]
[White "Tin Jingyao"]
[Black "Nayan,A"]
[Result "1-0"]
[WhiteElo "1828"]
[BlackElo "2048"]
[EventDate "2010.09.01"]

1. d4 Nf6 2. c4 g6 3. Nc3 Bg7 4. e4 d6 5. h3 O-O 6. Nf3 e5 7. d5 a5 8. Be2
Na6 9. Bg5 h6 10. Be3 Bd7 11. O-O b6 12. a3 Nc5 13. Nd2 Qe8 14. b4 Na4 15.
Nxa4 Bxa4 16. Qc1 Bd7 17. c5 bxc5 18. bxc5 Bb5 19. Bxb5 Qxb5 20. f3 Nh5 21.
Rb1 Qa4 22. Rb7 Ng3 23. Re1 c6 24. dxc6 dxc5 25. Qxc5 Rac8 26. c7 Rfe8 27.
Nc4 Bf8 28. Qd5 Qc2 29. Kh2 Ne2 30. Nxe5 Rxc7 31. Rxe2 Qc3 32. Rxc7 Qxc7
33. f4 g5 34. Qd7 Re7 35. Qxc7 Rxc7 36. Bb6 Rc3 37. Bxa5 Rxa3 38. Be1 gxf4
39. Nf3 f6 40. Bd2 Bd6 41. Re1 Kf7 42. Rb1 Rd3 43. Rb7+ Kg6 44. Rb6 Kf7 45.
Bb4 Rb3 46. Rxd6 Rxb4 47. Rd4 Rb5 48. Rd7+ Kg6 49. Nh4+ Kh5 50. Rd5+ 1-0

[Event "7th Malaysia Open"]
[Site "Kuala Lumpur MAS"]
[Date "2010.09.06"]
[Round "8"]
[White "Azarya,J"]
[Black "Safarian,Al"]
[Result "0-1"]
[WhiteElo "1730"]
[BlackElo "2026"]
[EventDate "2010.09.01"]

1. e4 c5 2. Nf3 d6 3. d4 cxd4 4. Qxd4 Nc6 5. Bb5 Bd7 6. Bxc6 bxc6 7. Nc3
Qb6 8. Qd3 g6 9. Rb1 Bg7 10. O-O Nf6 11. Bg5 O-O 12. Qd2 Bg4 13. Be3 Qc7
14. Nd4 Rfd8 15. h3 Bc8 16. f4 Ba6 17. Rfe1 Bb7 18. Qf2 a6 19. Nb3 c5 20.
e5 Nd5 21. Bd2 c4 22. Nxd5 Bxd5 23. Ba5 Qb7 24. Bxd8 cxb3 25. Bb6 bxc2 26.
Rbc1 Rc8 27. exd6 exd6 28. Bd4 Qb4 29. Bxg7 Kxg7 30. Re2 Be4 31. b3 d5 32.
g4 Rc3 33. Qe1 Qd4+ 34. Qf2 Rg3+ 35. Kh2 Qxf2+ 36. Rxf2 Rc3 37. Rd2 Kf6 38.
Rd4 Ke6 39. Ra4 Kd6 40. Rxa6+ Kc5 0-1

[Event "7th Malaysia Open"]
[Site "Kuala Lumpur MAS"]
[Date "2010.09.06"]
[Round "8"]
[White "Tan,Fischer"]
[Black "Marmono,R"]
[Result "0-1"]
[WhiteElo "1530"]
[BlackElo "1933"]
[EventDate "2010.09.01"]

1. c3 Nf6 2. Na3 d5 3. h3 a6 4. Nc2 e5 5. e3 c5 6. Nf3 Nc6 7. d4 e4 8. Nh2
c4 9. Be2 Bd6 10. Ng4 Be6 11. b3 b5 12. bxc4 bxc4 13. Rb1 Nxg4 14. hxg4 O-O
15. Rh5 g6 16. Rh3 Rb8 17. Rxb8 Qxb8 18. Kd2 f5 19. Qh1 Qc7 20. gxf5 Bxf5
21. Rh6 Rf7 22. Ba3 Bxa3 23. Nxa3 Qa5 24. Nc2 Qxa2 25. Qh2 Qa5 26. g4 Bc8
27. Qg3 Qd8 28. Ne1 Qf8 29. f4 Qxh6 30. Ng2 Qf8 0-1

[Event "7th Malaysia Open"]
[Site "Kuala Lumpur MAS"]
[Date "2010.09.06"]
[Round "8"]
[White "Tan Jun Feng"]
[Black "Low Jun Keat"]
[Result "1/2-1/2"]
[WhiteElo "1870"]
[BlackElo "1835"]
[EventDate "2010.09.01"]

1. e4 c5 2. Nf3 d6 3. d4 cxd4 4. Nxd4 Nf6 5. Nc3 a6 6. Be3 e5 7. Nb3 Be6 8.
f3 Be7 9. Qd2 O-O 10. O-O-O a5 11. Bb5 Na6 12. g4 Nc7 13. Bb6 Nd7 14. Bxc7
Qxc7 15. Kb1 Nb6 16. h4 a4 17. Nc1 a3 18. b3 Rfc8 19. N1e2 d5 20. exd5 Bxd5
21. Nxd5 Nxd5 22. Bc4 Nb6 23. Bd3 Nd5 24. Bc4 Nb6 25. Bd3 Rd8 26. Qc1 Rac8
27. g5 Qc5 28. Rdg1 Nd5 29. h5 Nc3+ 30. Nxc3 Qxc3 31. Bf5 Bc5 32. Rd1 Rb8
33. Rd3 Rxd3 34. cxd3 Qxc1+ 35. Rxc1 Be3 36. Rc7 Bxg5 37. Be4 b5 38. Bd5
1/2-1/2

[Event "7th Malaysia Open"]
[Site "Kuala Lumpur MAS"]
[Date "2010.09.07"]
[Round "9"]
[White "Masruri,R"]
[Black "Rej,T"]
[Result "0-1"]
[WhiteElo "2027"]
[BlackElo "2340"]
[EventDate "2010.09.01"]

1. e4 e5 2. Nf3 Nc6 3. Bc4 Nf6 4. d4 exd4 5. O-O Nxe4 6. Re1 d5 7. Bxd5
Qxd5 8. Nc3 Qh5 9. Nxe4 Be6 10. Bg5 h6 11. Bh4 Bc5 12. Qe2 O-O 13. Qb5 Bg4
14. Bg3 Bb6 15. Qxh5 Bxh5 16. Ned2 Nb4 17. Rec1 Bg6 18. Ne1 Rfe8 19. Ndf3
Re2 20. c3 dxc3 21. Rxc3 Rxb2 22. a4 a5 23. Rd1 Na2 24. Rc4 Rb4 25. Ne5
Rxc4 26. Nxc4 Nc3 0-1

[Event "7th Malaysia Open"]
[Site "Kuala Lumpur MAS"]
[Date "2010.09.07"]
[Round "9"]
[White "Zhou Weiqi"]
[Black "Sethuraman,S"]
[Result "1/2-1/2"]
[WhiteElo "2569"]
[BlackElo "2535"]
[EventDate "2010.09.01"]

1. d4 Nf6 2. c4 e6 3. Nf3 d5 4. g3 Bb4+ 5. Bd2 Be7 6. Bg2 O-O 7. O-O c6 8.
Qc2 b6 9. Bf4 Nbd7 10. Nbd2 Nh5 11. Be3 Bb7 12. Rfd1 Rc8 13. Ne5 Nhf6 14.
Ndf3 h6 15. Rac1 Bd6 16. Bf4 Qe7 17. Qa4 a6 18. Qb3 c5 19. Nxd7 Nxd7 20.
Bxd6 Qxd6 21. Qa3 dxc4 22. dxc5 Qe7 23. Rxc4 Nxc5 24. Ne5 Rcd8 25. Rcd4
Rxd4 26. Rxd4 Qc7 27. Qe3 Bxg2 28. Kxg2 Rd8 29. b4 Rxd4 30. Qxd4 Na4
1/2-1/2

[Event "7th Malaysia Open"]
[Site "Kuala Lumpur MAS"]
[Date "2010.09.07"]
[Round "9"]
[White "Hetul,S"]
[Black "Ho En Huei,D"]
[Result "0-1"]
[WhiteElo "1956"]
[BlackElo "1914"]
[EventDate "2010.09.01"]

1. c4 e6 2. Nc3 d5 3. cxd5 exd5 4. d4 c6 5. Qc2 Bd6 6. Nf3 h6 7. e3 Nf6 8.
Bd3 O-O 9. O-O Re8 10. h3 Qe7 11. Nd2 Be6 12. e4 dxe4 13. Ndxe4 Nxe4 14.
Nxe4 Nd7 15. Be3 Nf6 16. Nxf6+ Qxf6 17. a3 a5 18. Rae1 a4 19. Qc3 Bc7 20.
Rd1 Ra5 21. Qd2 Rh5 22. f4 Bb3 23. Rc1 Qe6 24. Kf2 Qf6 25. Kg1 Qe7 26. Kf2
Bd5 27. Be2 Rxh3 28. Bf3 Bxf4 29. Bxf4 Qh4+ 30. g3 Rh2+ 0-1

[Event "7th Malaysia Open"]
[Site "Kuala Lumpur MAS"]
[Date "2010.09.07"]
[Round "9"]
[White "Verdiana,N"]
[Black "Uehara,S"]
[Result "1-0"]
[WhiteElo "1899"]
[BlackElo "2013"]
[EventDate "2010.09.01"]

1. e4 c6 2. d4 d5 3. Nc3 dxe4 4. Nxe4 Bf5 5. Ng3 Bg6 6. Nf3 Nd7 7. h4 h6 8.
h5 Bh7 9. Bd3 Bxd3 10. Qxd3 e6 11. Bd2 Ngf6 12. O-O-O Be7 13. Ne4 Nxe4 14.
Qxe4 Nf6 15. Qe2 Qd5 16. c4 Qe4 17. Be3 Ng4 18. Nd2 Qf5 19. Rh3 Nxe3 20.
Rxe3 O-O-O 21. g4 Qa5 22. Nb3 Qxa2 23. Kc2 Qa6 24. Ra1 Qb6 25. c5 Qb4 26.
Rc3 Qb5 27. Rc4 b6 28. Rxa7 Rhe8 29. cxb6 Qxb6 30. Rca4 Bd6 31. R7a6 1-0

[Event "7th Malaysia Open"]
[Site "Kuala Lumpur MAS"]
[Date "2010.09.07"]
[Round "9"]
[White "Vakhidov,J"]
[Black "Roy Chowdhury,S"]
[Result "1/2-1/2"]
[WhiteElo "2272"]
[BlackElo "2457"]
[EventDate "2010.09.01"]

1. c4 e5 2. Nc3 Nc6 3. g3 f5 4. Bg2 Nf6 5. e3 Bb4 6. Nge2 O-O 7. O-O d6 8.
d4 Bxc3 9. Nxc3 Qe8 10. b3 Kh8 11. Nd5 Qf7 12. Nxf6 Qxf6 13. Bb2 exd4 14.
Bxd4 Qe7 15. Bc3 Bd7 16. Re1 Rae8 17. f4 Qf7 18. Qd3 Re7 19. e4 Rfe8 20. e5
dxe5 21. Bxc6 Bxc6 22. Rxe5 Be4 23. Qe2 Rd8 24. Rxe7 Qxe7 25. Rd1 h6 26.
Rxd8+ Qxd8 27. Qd2 Qe7 28. Qd4 Kh7 29. a3 a6 30. b4 b6 31. Qe5 Qd7 32. Qd4
Qe7 1/2-1/2

[Event "7th Malaysia Open"]
[Site "Kuala Lumpur MAS"]
[Date "2010.09.07"]
[Round "9"]
[White "Mok Tze Meng"]
[Black "Lim,C"]
[Result "0-1"]
[WhiteElo "2416"]
[BlackElo "2302"]
[EventDate "2010.09.01"]

1. e4 c5 2. Nf3 d6 3. d4 cxd4 4. Nxd4 Nf6 5. Nc3 a6 6. Bg5 e6 7. f4 Qc7 8.
Bxf6 gxf6 9. Qf3 b5 10. e5 d5 11. exf6 b4 12. Nxd5 exd5 13. O-O-O Nd7 14.
Bb5 axb5 15. Qxd5 Ra6 16. Rhe1+ Kd8 17. Qxf7 Qxf4+ 18. Kb1 Bc5 19. Ne6+
Rxe6 20. Qxe6 Kc7 21. g3 Qc4 22. Rd5 Nb6 23. Qe5+ Kc6 24. Rd3 Rf8 25. b3
Qf7 26. Qe4+ Nd5 27. Red1 Rd8 28. g4 Qg6 29. Qxg6 hxg6 30. g5 Nc3+ 31. Ka1
Rf8 32. Rd8 0-1